| 000 | 00457nam a22001577a 4500 | ||
|---|---|---|---|
| 005 | 20260211131915.0 | ||
| 008 | 260211b |||||||| |||| 00| 0 eng d | ||
| 020 | _a9781032124575 | ||
| 050 |
_aHT165.5 _b.R44 |
||
| 100 | _aSingh, Ripudaman | ||
| 245 | _aRe-envisioning Advances in Remote Sensing: Urbanization, disasters and Plannig | ||
| 260 |
_aAbigdan _bCRC Press _c2022 |
||
| 300 | _axviii, 293p. | ||
| 650 | _acity plannig- remote sensing | ||
| 942 | _cBK | ||
| 999 |
_c4534 _d4534 |
||